00523nam a2200169Ia 4500008004100000082001600041100002200057245003500079250000800114260002500122300001200147500002400159650001600183942000700199952013000206999001700336230524s9999 xx 000 0 und d a621.38bGOW aJohn Gowar924909 0aOptical Communication Systems  a2ND aNEW DELHIbPHIc1999 aXIV;685 aQuantity Number: 1 aElectronics cBK 00104070aTATCLbTATCLcGENd2023-05-24l1o621.38 GOWp16468q2020-01-09r2024-01-25s2024-01-25w2023-05-24yBKzCPEC5203 c36943d36943